000 00301nam a2200121 a 4500
008 110426s1988|||| d
245 1 0 _aTaliansko slovenský turistický slovník
100 1 _aČervenková, Vilma
260 _bSPN
_c1988
_aBratislava
020 _c14,50
041 _atal
044 _aIT
999 _c17693
_d17693